000 00601cam a22002411 4500
001 sa 68008747
003 DLC
005 20260227112535.0
008 940831s1968 ii c b 000 0 orio
010 _asa 68008747
025 _aPL480:I-O-898
035 _a(OCoLC)31039411
040 _aDLC
_cCU
_dCU
_dDLC
042 _apremarc
050 0 0 _aPK2570
_b.P3
100 1 _aPatnaik, Pathani,
_d1928-
245 1 0 _aPrabandha o samālocanā.
260 _c[1968]
300 _a226 p.
_bport.
_c22 cm.
500 _aIn Oriya.
504 _aBibliographical footnotes.
650 0 _aOriya literature.
999 _c82547
_d82547